00635nam a2200181 a 4500001001000000003000900010005001700019007001000036008004100046040002200087100003000109245010500139260006600244300002000310500003800330500005100368600003400419000021816DO-SdBNP20180214112159.0000021816100913s1985 dr 000 0 spa d aBPMETbspacBPMET1 aTroncoso, Jesús María13aEl hallazgo de los restos de Colón :brelato de un testigo presencial /cJesús María Troncoso. aSanto Domingo :bSociedad Dominicana de Bibliófilos,c1985. a19 p. ;c20 cm. aIncluye notas al pie de páginas aEdición fascimilar : Ciudad Trujillo : 1941. aCOLÓN CRISTOBALy1451?-1506